000 00286nam a22001217a 4500
008 210301b ||||| |||| 00| 0 eng d
041 _aeng
080 _a030
100 _a23
101 _aENC
245 _aThe Encyclopedia of Philosophy -Volumes 3 and 4
_cEdwards,P
942 _2udc
_cBK
999 _c55334
_d55334